Statystyki dla Kanały telewizyjne dostępne w polsce

Kliknij tutaj aby rozwiązać quiz!

Ogólne statystyki

  • Ten quiz został rozwiązany 614 razy
    (608 od ostatniego zresetowania)
  • Średni wynik to 20 z 91

Statystyki odpowiedzi

Standardowe% Poprawnych
TVP
97%
Polsat
96%
TVN
95%
TVP2
73%
Polsat Sport
63%
TVP Sport
61%
TVN 7
58%
Puls
55%
CANAL+
52%
Cartoon Network
49%
ESKA TV
49%
TVP abc
48%
Disney Channel
47%
EUROSPORT
47%
MiniMini+
43%
TTV
43%
Disney XD
42%
HBO
41%
Puls2
41%
Nickelodeon
37%
TVP Kultura
36%
CANAL + Sport
35%
TVP Historia
34%
TVP Seriale
32%
EUROSPORT2
31%
National Geographic
27%
Discovery Channel
26%
Boomerang
23%
HBO2
23%
TVN Turbo
23%
Disney Junior
22%
Stopklatka
22%
ELEVEN Sports
21%
CANAL + Sport2
20%
Polsat Film
20%
Super Polsat
20%
HBO3
19%
Kino Polska
19%
AXN
18%
Comedy Central
17%
Animal Planet
16%
nSPORT+
16%
TeleToon+
16%
CANAL+ Film
15%
Polsat JimJam
15%
Polsat Sport2
15%
ELEVEN Sports2
14%
Nick Jr
14%
ELEVEN Sports3
13%
CANAL+ Seriale
12%
ELEVEN Sports4
12%
Cinemax
11%
FOX
11%
Metro
11%
Ale Kino+
10%
Discovery Science
10%
TVN Fabuła
10%
zoom tv
10%
CANAL+ Family
9%
Disco Polo Music
9%
FilmBOX
9%
CANAL +1
8%
Cinemax 2
8%
HGTV
8%
Kino Polska Muzyka
8%
MTV Music
8%
NickToons
8%
Polsat Music
8%
Da Vinci
7%
Paramount Channel
7%
Planete+
7%
TNT
7%
Cbeebies
6%
ESKA Rock
6%
Baby TV
5%
CANAL+ Dokument
5%
13 Ulica
4%
Discovery Historia
4%
National Geographic Wild
4%
ESKA EXTRA
3%
History Channel
3%
MTV Rocks
3%
Nat Geo people
3%
Polsat Viasat History
3%
Discovery Life
2%
Music Vox TV
2%
Nuta TV
2%
Polsat Viasat Explore
2%
Polsat Viasat Nature
2%
History Channel 2
1%
NASA
1%

Rozkład punktacji

Percentyl według liczby udzielonych odpowiedzi

Procent ludzi z każdym wynikiem

Twoja historia wyników

Nie rozwiązałeś tego quizu od ostatniego zresetowania